Ales humanes : poemes per a infants / Salvador Perarnau ; dibuixos: Antoni Clavé poemes per a infants / Salvador Perarnau ; dibuixos:
Descripción Física:
[51] p. : il. ; 19 cm
Otros Autores:
Clavé, Antoni, 1913-2005
MARC
| LEADER | 00000nam a2200000Ia 4500 | ||
|---|---|---|---|
| 001 | 8260 | ||
| 008 | 160829s1938 xx 000 0 cat d | ||
| 080 | |a L-1-343 | ||
| 100 | |a Perarnau, Salvador |9 35519 | ||
| 245 | |a Ales humanes : |b poemes per a infants / Salvador Perarnau ; dibuixos: |b Antoni Clavé | ||
| 260 | |a Barcelona : |b Comissariat de Propaganda de la Generalitat de Catalunya, |c 1938 | ||
| 300 | |a [51] p. : |b il. ; |c 19 cm | ||
| 700 | 1 | |a Clavé, Antoni, |d 1913-2005 |9 35520 | |
| 710 | 1 | |a Catalunya. |b Comissariat de Propaganda |9 56414 | |
| 901 | |a Arxiu | ||
| 942 | |n 1 | ||
| 952 | |0 0 |1 0 |4 0 |6 L1343 |7 1 |9 46939 |a Arxiu |b Arxiu |d 2016-12-01 |l 0 |o L-1-343 |p 8260 |r 2016-12-01 00:00:00 |w 2016-12-01 |y ARXIU | ||
| 999 | |c 50732 |d 50732 | ||